000 01916nam a2200265Ia 4500
999 _c56118
_d56118
001 23219
003 GE_BSU
005 20250911190111.0
008 181216s2017||||ge |||||||||||||| ||geo||
020 _a9789941260001
040 _cGE_BSU
041 _ageo
080 _a327(51) თ-25
100 _aთალიბოვი, რზა
_925801
245 _aაზიის ქვეყნები საერთაშორისო ურთიერთობათა სისტემაში :
_bსახელმძღვანელო უმაღლ. სასწავლებლებისთვის : სახელმძღვანელო უმაღლ. სასწავლებლებისთვის : (დამტკ. აზერბაიჯანის რესპუბლიკის განათლების სამინისტროს მიერ 2015 წლის 24 აპრილის N459 ბრძანებით) /
_cრზა თალიბოვი ; რუსული ენიდან ქართულ ენაზე თარგმნა ჭაბუკი ქირიამ ; სამეცნ. რედაქტორი აგალარ აბასბეილი.
264 _aთბილისი :
_bუნივერსალი,
_c2017.
300 _a316 გვ. ;
_c21 სმ.
504 _aბიბლიოგრ. : გვ. 313-315
541 _h10 ლ.
653 _aაზიის ქვეყნები საერთაშორისო ურთიერთობათა სისტემაში
653 _aსაერთაშორისო ურთიერთობები
700 _aქირია, ჭაბუკი
_eმთაგმნელი
_914567
700 _aაბასბეილი, აგალარ
_eრედაქტორი
_925802
942 _cBK
_2udc